| 000 | 00574nam a2200181 4500 | ||
|---|---|---|---|
| 001 | 116416 | ||
| 003 | ES-MaACL | ||
| 005 | 20230906190713.0 | ||
| 007 | t| | ||
| 008 | 061121s1956 ve r ||||1| spa d | ||
| 100 | 1 |
_aParra, Ramiro Antonio. _989236 |
|
| 245 | 1 | 0 |
_aAcciones posesorias / _cRamiro Antonio Parra. |
| 260 |
_aCaracas : _bUniversidad Central de Venezuela, _c1956. |
||
| 300 |
_a229 p. ; _c23 cm. |
||
| 500 | _aEs Publicación de la Facultad de Derecho. Vol. XV. | ||
| 710 | 2 |
_aUniversidad Central de Venezuela. _97083 |
|
| 852 |
_aES-MaACL _jC-12236 _bR.39997 |
||
| 999 |
_c116416 _d116416 |
||